| 000 | 00335nam a22001457a 4500 | ||
|---|---|---|---|
| 020 | _qPB. | ||
| 040 | _cFIZZA ISHAQ | ||
| 082 |
_a620.106 _bFRA |
||
| 100 |
_aWHITE, M. FRANK. _989491 |
||
| 245 |
_aFLUID MECHANICS / _cFRANK M. WHITE. |
||
| 250 | _a8tH ED. | ||
| 260 |
_bMC GRAW HILL, _c2017. |
||
| 300 | _a773 P. ; | ||
| 942 |
_2ddc _cBK |
||
| 999 |
_c588214 _d588214 |
||